| 000 | 00619nam a22001937a 4500 | ||
|---|---|---|---|
| 005 | 20251108172248.0 | ||
| 008 | 250721s1987 xx 000 0 ara d | ||
| 082 | 1 | 4 | _a612.6401/دين |
| 100 | 1 | _aرينودين، ادويل | |
| 245 | 1 | 0 |
_aولد أم بنت : _bأحدث الطرق العلمية في التحكم بجنس الجنين / |
| 264 | 1 |
_aبغداد : _bمكتبة النهضة للنشر، _c1987. |
|
| 300 | _a77ص | ||
| 650 | 1 | 7 | _aعلم الأجنة |
| 650 | 1 | 7 | _aالتناسل |
| 650 | 1 | 7 | _aالحمل |
| 700 | 1 |
_aحسن، مها محمد _eترجمة |
|
| 942 |
_2ddc _cBK |
||
| 999 |
_c74543 _d74543 |
||